000 00766nam a22001937a 4500
005 20251108173357.0
008 250721s2007 xx 000 0 ara d
020 _a9957477021
082 1 4 _a301.072/زاي
100 1 _aزايد، فهد خليل
245 1 0 _aأساسيات منهجية البحث في العلوم الإنسانية: المشروع التطويري ، البحث العلمي و التربوي ، كتابة الرسالة و الأطروحه /
264 1 _aالأردن :
_bدار النفائس للنشر والتوزيع،
_c2007.
300 _a272 ص.
650 1 7 _aالأبحاث الإجتماعية
650 1 7 _aالبحث العلمي
650 1 7 _aالعلوم الإجتماعية
942 _2ddc
_cBK
999 _c102492
_d102492